MARC details
| 000 -LEADER |
| fixed length control field |
02187nam a22002537a 4500 |
| 008 - FIXED-LENGTH DATA ELEMENTS--GENERAL INFORMATION |
| fixed length control field |
210513cr ||||| |||| 00| 0 spa d |
| 020 ## - INTERNATIONAL STANDARD BOOK NUMBER |
| International Standard Book Number |
978-987-630-258-6 |
| 040 ## - CATALOGING SOURCE |
| Original cataloging agency |
AR-FvUNAJ |
| Modifying agency |
AR-FvUNAJ |
| 082 ## - DEWEY DECIMAL CLASSIFICATION NUMBER |
| Edition number |
14 |
| Classification number |
336 |
| 245 00 - TITLE STATEMENT |
| Title |
Notas de economía plebeya / |
| Statement of responsibility, etc |
Compiladores Hugo Andrade, Alejandro López Accotto, Carlos R. Martínez, Martín Manga |
| 260 ## - PUBLICATION, DISTRIBUTION, ETC. (IMPRINT) |
| Place of publication, distribution, etc |
Los Polvorines : |
| Name of publisher, distributor, etc |
Universidad Nacional de General Sarmiento, |
| Date of publication, distribution, etc |
2016. |
| 300 ## - PHYSICAL DESCRIPTION |
| Extent |
148 p. |
| Other physical details |
digital |
| 440 ## - SERIES STATEMENT/ADDED ENTRY--TITLE |
| 9 (RLIN) |
1130 |
| Title |
Política, politicas y sociedad |
| Volume number/sequential designation |
26 |
| 520 1# - SUMMARY, ETC. |
| Summary, etc |
La noción de la Universidad como derecho colectivo, más amplio que la mera posibilidad individual de acceder a la educación superior, implica que las grandes mayorías (que las financian con sus impuestos) deben poder apropiarse de la producción de las universidades. Entonces, intervenir en los debates nacionales no es ya una posibilidad más para quienes formamos parte de la comunidad universitaria, sino una obligación política, en tanto es una de las vías para dicha apropiación popular de nuestro trabajo.<br/>Atento a ello, este libro compila treinta y tres columnas de opinión de investigadores y docentes del Instituto del Conurbano, que trabajan en la línea de investigación de economía y finanzas del sector público, publicadas en el diario Página/12 entre 2008 y 2016. Tal compilación, contextualizada por expertos en finanzas públicas, economía y políticas públicas, permite apreciar las vinculaciones entre temas diversos: coparticipación federal y bonaerense, peso del gasto público (en la reducción de la pobreza estructural, el financiamiento de la infraestructura local y la ampliación del derecho a la universidad, sesgos distributivos del sistema tributario, presupuesto y deuda pública. |
| 650 27 - SUBJECT ADDED ENTRY--TOPICAL TERM |
| Topical term or geographic name as entry element |
ECONOMIA |
| 9 (RLIN) |
524 |
| Source of heading or term |
unescot |
| 650 27 - SUBJECT ADDED ENTRY--TOPICAL TERM |
| Source of heading or term |
unescot |
| 9 (RLIN) |
398 |
| Topical term or geographic name as entry element |
FINANZAS |
| 651 #7 - SUBJECT ADDED ENTRY--GEOGRAPHIC NAME |
| 9 (RLIN) |
326 |
| Geographic name |
ARGENTINA |
| Source of heading or term |
unescot |
| 700 1# - ADDED ENTRY--PERSONAL NAME |
| 9 (RLIN) |
4684 |
| Personal name |
López Accotto, Alejandro |
| Relator term |
comp. |
| 700 1# - ADDED ENTRY--PERSONAL NAME |
| 9 (RLIN) |
4685 |
| Personal name |
Martínez, Carlos R. |
| Relator term |
comp. |
| 700 1# - ADDED ENTRY--PERSONAL NAME |
| 9 (RLIN) |
4687 |
| Personal name |
Mangas, Martín |
| Relator term |
comp. |
| 856 41 - ELECTRONIC LOCATION AND ACCESS |
| Uniform Resource Identifier |
<a href="https://www.ungs.edu.ar/libro/notas-de-economia-plebeya-2">https://www.ungs.edu.ar/libro/notas-de-economia-plebeya-2</a> |
| 942 ## - ADDED ENTRY ELEMENTS (KOHA) |
| Source of classification or shelving scheme |
Dewey Decimal Classification |
| Item type |
Libro, folleto, traducción |
| 980 ## - EQUIVALENCE OR CROSS-REFERENCE-SERIES STATEMENT--PERSONAL NAME/TITLE [LOCAL, CANADA] |
| Linkage |
2 |
| Personal name |
Virginia Figueroa |
| Miscellaneous information |
Claudia Naveiras |
| Field link and sequence number |
11876 |